Zdieľaný marketing - spoločný marketing ziskového a neziskového sektora
Zdieľaný - obojstranný marketing založený na princípe spojenia ziskového a neziskového subjektu so ziskovým aj dobročinným cieľom (cause-related marketing). Spojenie filantropických aktivít s komerčnými. Spojenie zákazník - firma - nezisková organizácia. Kroky pre vytvorenie spoločného marketingu. V...
Salvato in:
| Autore principale: | |
|---|---|
| Natura: | Capitolo di libro |
| Lingua: | slovacco |
| Soggetti: | |
| Tags: |
Nessun Tag, puoi essere il primo ad aggiungerne!!
|
MARC
| LEADER | 00000naa$a2200000$$$4500 | ||
|---|---|---|---|
| 001 | 0050530 | ||
| 005 | 20240502083132.4 | ||
| 041 | 0 | |a slo | |
| 044 | |a CZ | ||
| 245 | 1 | 0 | |a Zdieľaný marketing - spoločný marketing ziskového a neziskového sektora |c Ľudovít Hajduch |
| 520 | |a Zdieľaný - obojstranný marketing založený na princípe spojenia ziskového a neziskového subjektu so ziskovým aj dobročinným cieľom (cause-related marketing). Spojenie filantropických aktivít s komerčnými. Spojenie zákazník - firma - nezisková organizácia. Kroky pre vytvorenie spoločného marketingu. Výhody, ktoré obojstranný marketing prinesie ziskovému a neziskovému sektoru. Riziká zdieľaného - obojstranného marketingu. | ||
| 610 | 2 | 0 | |a marketing |
| 610 | 2 | 0 | |a obchod |
| 610 | 2 | 0 | |a reklama |
| 610 | 2 | 0 | |a dary |
| 610 | 2 | 0 | |a zisk |
| 610 | 2 | 0 | |a organizácie neziskové |
| 610 | 2 | 0 | |a podnik obchodný |
| 100 | 1 | |a Hajduch, Ľudovít | |